00338cam a22001097a 4500008004000000082001800040100002300058245006700081260004800148300000900196650002300205180718b1970 xxu||||| |||| 00| 0 eng d aA6x54113 Si64 aSinha, Kamaleshwar aMeghalaya: triumph of the tribal genius.cby Kamaleshwar Sinha aDelhibPublication Divison (I.S.S.D.)c1970 a328p aMeghalaya (India).